000 00339nam a2200145Ia 4500
008 191201s2001 xx 000 0 und d
082 _a621.3815
_bKAI
100 _aKAMICHIK, S
245 0 _aI C Design Projects
250 _a1st
260 _aN.Delhi
_bBPB Publication
_c2001
300 _a261
650 _aB.Tech(ECE)
942 _2ddc
_cBK
999 _c1799
_d1799